| 000 | 00417nam a2200157 a 4500 | ||
|---|---|---|---|
| 001 | 5767 | ||
| 003 | CDMR | ||
| 005 | 20130930133610.0 | ||
| 008 | 130130s ||||||||||||||||||||||||||||d | ||
| 040 |
_aCDMR _bcat _cCDMR |
||
| 245 | 3 | _aEl sistema Secam de televisión en color | |
| 260 |
_aParis _bCompagnie Française de Télévision _c[s.d.] |
||
| 300 | _a126 p. | ||
| 650 | 0 | 4 |
_93785 _aTelevisió _xTècnica |
| 942 |
_cMON _2udc |
||
| 999 |
_c5767 _d5767 |
||